000 00509nam a2200193 a 4500
001 6472
003 CO-ViMGA
008 141112s2004 ck r 000 u spa d
020 _a9501408841
040 _aCO-ViMGA
_bspa
_cCO-ViMGA
082 0 4 _a345.025 G659
100 1 _aGonzález, Elpidio
_95276
245 1 0 _aAcoso Sexual /
_cElpidio Gonzalez
260 _aBuenos Aires :
_bDepalma,
_c1996
300 _a232 p. 22 cm
650 1 4 _aACOSO SEXUAL
_95277
650 1 4 _aDELITOS SEXUALES
_95278
942 _2ddc
_cBK
999 _c18442
_d18442